000 00930 am a2200289ua 4500
001 011293893
005 20140121104410.0
008 030324t2002 xxua frb 001 0 eng d
010 _a2001056583
020 _a0130313998
020 _a9780130313997
040 _aStDuBDS
_dUk
082 0 4 _a006.7
_222
_bSTE
100 1 _aSteinmetz, Ralf
_934883
245 1 0 _aMultimedia fundamentals /
_cRalf Steinmetz, Klara Nahrstedt.
260 _aUpper Saddle River, United States :
_bPrentice Hall PTR,
_cc.2002.
300 _a1 v. (xvi, 274 p.) :
_bill. ;
_c24 cm.
490 0 _aIMSC Press Multimedia Series
500 _aIndex : p. 257-274.
504 _aBibliography : p. 235-255.
505 0 _aContents : v. 1. Media coding and content processing.
650 0 _aMultimedia systems
_914476
653 _bCS
_cJanuary2014
655 _vreading book
_934232
700 1 _aNahrstedt, Klara
_934884
942 _2ddc
_k006.7 STE
999 _c17937
_d17909